|
|
|
|
| LEADER |
00000naa2a2200000 4500 |
| 001 |
528196 |
| 005 |
20231101112031.0 |
| 035 |
|
|
|a (RuTPU)RU\TPU\prd\212362
|
| 035 |
|
|
|a RU\TPU\prd\212357
|
| 090 |
|
|
|a 528196
|
| 100 |
|
|
|a 20140207a2012 k y0rusy50 ca
|
| 101 |
0 |
|
|a rus
|
| 102 |
|
|
|a RU
|
| 200 |
1 |
|
|a Оплошности и досадные нарушения норм академического письма в публикациях преподавателей
|f Т. И. Краснова, Е. И. Луговцова
|
| 330 |
|
|
|a Авторы статьи пытаются привлечь внимание образовательного сообщества к типичным проблемам в академическом письме преподавателей, к которым относятся: мультиплицирование одинакового содержания в сборниках тезисов конференций, случаи плагиата, отсутствие публикаций в международных изданиях.
|
| 461 |
|
0 |
|0 (RuTPU)RU\TPU\prd\121
|x 0869-3617
|t Высшее образование в России
|o научно-педагогический журнал
|d 1993-
|
| 463 |
|
0 |
|0 (RuTPU)RU\TPU\prd\144302
|t № 5
|i С. 37-43
|d 2012
|
| 610 |
1 |
|
|a академическое письмо
|
| 610 |
1 |
|
|a academic writing
|
| 700 |
|
1 |
|a Краснова
|b Т. И.
|g Татьяна Ивановна
|
| 701 |
|
1 |
|a Луговцова
|b Е. И.
|g Елена Игоревна
|
| 801 |
|
1 |
|a RU
|b 63413507
|c 20131128
|
| 801 |
|
2 |
|a RU
|b 63413507
|c 20140718
|g RCR
|
| 942 |
|
|
|c BK
|